000 00602nam a2200217Ia 4500
008 101110s9999 xx 000 0 und d
041 _aENGLISH
082 _bSR28808
100 _aChopde L.N., Choudhari D.H., Mehta K. and others
245 _aAdvanced financial accounting M.Com -I
260 _c2006
_bSethe Publishers Pvt.Ltd Mumbai
300 _a762
365 _b185
520 _aCommerce
546 _aENGLISH
630 _aAdvanced financial accounting M.Com -I
650 _aCommerce
655 _aCommerce
730 _aAdvanced financial accounting M.Com -I
942 _cBOOK
999 _c821333
_d821330